|
|
|
|
| LEADER |
01931njm a2200517 i 4500 |
| 001 |
001778240 |
| 003 |
CZ BrMZK |
| 005 |
20201210104528.0 |
| 007 |
sd fungnnmmned |
| 008 |
201127p20202019xr munng d n cze |
| 015 |
|
|
|a cnb003265198
|
| 024 |
3 |
|
|a 8595026645561
|
| 028 |
0 |
1 |
|a 2664556-2
|b Indies Scope
|
| 040 |
|
|
|a BOA001
|b cze
|e rda
|
| 041 |
0 |
|
|d cze
|d eng
|e cze
|e eng
|
| 045 |
|
|
|a y1y2
|
| 047 |
|
|
|a pp
|a rc
|
| 072 |
|
7 |
|a 78.011.26
|x Populární hudba. Populární písně. Populární taneční hudba
|2 Konspekt
|9 9
|
| 080 |
|
|
|a 78.036.011.26
|2 MRF
|
| 080 |
|
|
|a 78.03.011.26
|2 MRF
|
| 080 |
|
|
|a (086.76)
|2 MRF
|
| 245 |
0 |
0 |
|a Hotel blázen /
|c Krajina Ró
|
| 264 |
|
1 |
|a Dolní Loučky :
|b Indies Scope,
|c [2020]
|
| 264 |
|
4 |
|c ℗2020
|
| 300 |
|
|
|a 1 CD audio (38:28) ;
|c 12 cm
|
| 306 |
|
|
|a 003828
|
| 336 |
|
|
|a hraná hudba
|b prm
|2 rdacontent
|
| 337 |
|
|
|a audio
|b s
|2 rdamedia
|
| 338 |
|
|
|a audiodisk
|b sd
|2 rdacarrier
|
| 344 |
|
|
|a digital
|b optical
|2 rda
|
| 347 |
|
|
|a audio soubor
|b CD audio
|2 rda
|
| 500 |
|
|
|a Název z pouzdra
|
| 500 |
|
|
|a Texty (22 stran, v anglickém i českém překladu) v pouzdře
|
| 505 |
0 |
0 |
|g Hotel Blázen --
|t Drahokam --
|t Zrcadlo --
|t Veselá mokrá planeta --
|t Here I am --
|t Ječmen a pšenice --
|t Milý Jiří --
|t Fly my way --
|t Děravá hodina --
|t Broccoli --
|t Jenom informace
|
| 511 |
1 |
|
|a Krajina Ró a host Ondřej Ježek (sbor)
|
| 518 |
|
|
|o Nahráno
|d srpen 2019 - srpen 2020
|p studio Jámor
|
| 648 |
|
7 |
|a 2011-2020
|7 ch460589
|2 czenas
|
| 650 |
0 |
7 |
|a rock
|7 ph125174
|2 czenas
|
| 650 |
0 |
7 |
|a populární hudba
|7 ph124352
|y 2011-2020
|2 czenas
|
| 655 |
|
7 |
|a kompaktní disky
|7 fd201991
|2 czenas
|
| 700 |
1 |
|
|a Ježek, Ondřej,
|d 1973-
|7 xx0119269
|4 sng
|
| 710 |
2 |
|
|a Krajina Ró (hudební skupina)
|4 prf
|
| 910 |
|
|
|a BOA001
|b CDR-1457.295
|
| 990 |
|
|
|a AV
|
| 991 |
|
|
|b 202012
|
| 996 |
6 |
|
|b 2610847413
|c CDR-1457.295
|l MZK
|r Sklad / do 24 hodin
|n 0
|p p.v.
|w 001836263
|u 000010
|a 1
|e BOA001
|j MZK50
|s P
|